Technika a biológiában /

Uložené v:
Podrobná bibliografia
Ďalší autori: Csaba, György, 1929- (Compiler)
Médium: Kniha
Jazyk:Hungarian
Vydané: Budapest : Medicina Könyvkiadó, 1976.
Vydanie:1. kiad.
Edícia:A biológia aktuális problémái 8
ISBN: (brož.)
Fyzický popis: 228 s.
Tagy: Pridať tag
Žiadne tagy, Buďte prvý kto otaguje tento záznam!

MARC

LEADER 00000nam a22000004a 4500
001 000433413
005 20211130133923.0
008 130903s1976 hu e 000 0 hun d
020 |a (brož.)  |c Kčs 26,00 
040 |a SVKKK  |b slo  |c SVKKK  |e AACR2 
041 0 |a hun 
044 |a hu  |c HU 
245 0 0 |a Technika a biológiában /  |c szerkeszt. György Csaba. 
250 |a 1. kiad. 
260 |a Budapest :  |b Medicina Könyvkiadó,  |c 1976. 
300 |a 228 s. 
490 1 |a A biológia aktuális problémái  |v 8 
700 1 |a Csaba, György,  |d 1929-  |4 com 
830 0 |a A biológia aktuális problémái  |v 8 
910 |a svkkk 
998 |a BK 
090 |g SCKHL  |k Sklad Hlavná 10 suterén  |a I.47102  |j 559004  |i 2720445591  |s Absenčne